000 00880nam a22002417a 4500
003 DO-SdBNP
005 20220419112052.0
007 ta
008 211110b2021 dr ac||| |||| 00| 0 spa d
020 _a9789945099270
040 _aDO-SdBNP
_bspa
_cBNPHU
082 4 _222
100 1 _aBlanchard, Juan Lulio
_943061
245 1 0 _aExperiencia católica dominicana en Nueva York /
_cJuan Lulio Blanchard ; diagramación y diseño de cubierta : Juan Francisco Domínguez Novas.
260 _aSanto Domingo :
_bBúho,
_c2021.
300 _a 212 p. :
_bil., retrs. ;
_c23 cm.
500 _aIncluye referencias bibliográficas y notas al pie de las páginas
500 _aIncluye índice onomástico
504 _aBibliografía : p. 193-202
590 _aInventariado, 2021 /LP
590 _aLa biblioteca posee 1 ejemplar autografiado por el autor
942 _2ddc
_cLBS1
999 _c50900
_d50900